[Event "CZE-ch U16 Girls"]
[Site "Luhacovice"]
[Date "2022.03.18"]
[Round "8"]
[White "Smajzrova, Dominika"]
[Black "Macova, Marketa"]
[Result "1-0"]
[WhiteElo "1203"]
[BlackElo "1224"]
[PlyCount "69"]
[EventDate "2022.03.12"]
[EventType "swiss"]
[EventRounds "9"]
[EventCountry "CZE"]
[SourceTitle "EXT 2023"]
[Source "ChessBase"]
[SourceDate "2022.10.05"]
[SourceVersion "1"]
[SourceVersionDate "2022.10.05"]
[SourceQuality "1"]

1. e4 e5 2. Nf3 Nf6 3. Nc3 Bc5 4. Nxe5 Nc6 5. Nxc6 dxc6 6. h3 Qd4 7. Qe2 Be6 8. d3 b5 9. Be3 Qd6 10. Bxc5 Qxc5 11. Qd2 Rd8 12. Ne2 Nxe4 13. Qf4 Nd6 14. Nd4 0-0 15. Rc1 Qb4+ 16. c3 Qxb2 17. Nxc6 Ra8 18. Be2 Qxa2 19. Bf3 Rae8 20. 0-0 Bd5 21. Nb4 Qa4 22. Nxd5 Qxf4 23. Nxf4 a5 24. Nd5 c5 25. Nb6 Re7 26. Ra1 Ra7 27. Rfe1 Re8 28. Rxe8+ Nxe8 29. Re1 Kf8 30. Bc6 Nd6 31. Nc8 Rc7 32. Nxd6 Re7 33. Rxe7 Kxe7 34. Nxb5 a4 35. Na3 1-0

[Event "CZE-ch U16 Girls"]
[Site "Luhacovice"]
[Date "2022.03.13"]
[Round "2"]
[White "Blazeninova, Anna"]
[Black "Smajzrova, Dominika"]
[Result "0-1"]
[WhiteElo "1602"]
[BlackElo "1203"]
[PlyCount "94"]
[EventDate "2022.03.12"]
[EventType "swiss"]
[EventRounds "9"]
[EventCountry "CZE"]
[SourceTitle "EXT 2023"]
[Source "ChessBase"]
[SourceDate "2022.10.05"]
[SourceVersion "1"]
[SourceVersionDate "2022.10.05"]
[SourceQuality "1"]

1. e4 e5 2. Nf3 Nf6 3. d4 exd4 4. Qxd4 Nc6 5. Qe3 Nb4 6. Bd3 Be7 7. 0-0 0-0 8. a3 Nxd3 9. Qxd3 Re8 10. Re1 Bc5 11. e5 Ng4 12. Be3 Nxe5 13. Qd5 Nxf3+ 14. Qxf3 Qg5 15. Nc3 Bxe3 16. Rxe3 Rxe3 17. Qxe3 Qxe3 18. fxe3 d6 19. Nb5 Bf5 20. c3 Re8 21. Re1 Re7 22. Nxa7 Re5 23. a4 Bd7 24. b3 Ra5 25. Nb5 Bxb5 26. axb5 Rxb5 27. Ra1 Kf8 28. Rb1 Rd5 29. e4 Rd3 30. Rc1 Re3 31. b4 Rxe4 32. c4 b6 33. c5 Rxb4 34. cxd6 cxd6 35. Rc6 Ke7 36. Rc7+ Ke6 37. Rc8 d5 38. Rh8 h6 39. Re8+ Kd7 40. Re5 d4 41. Re4 Kd6 42. Kf2 Rb2+ 43. Kf3 Rb3+ 44. Kf2 d3 45. Re3 Rb2+ 46. Kf3 d2 47. Rd3+ Ke5 0-1

[Event "CZE-ch U14 Girls"]
[Site "Kouty nad Desnou"]
[Date "2020.03.09"]
[Round "4"]
[White "Smajzrova, Dominika"]
[Black "Kostkova, Katerina"]
[Result "1-0"]
[WhiteElo "1487"]
[BlackElo "1068"]
[PlyCount "119"]
[EventDate "2020.03.07"]
[EventType "swiss"]
[EventRounds "7"]
[EventCountry "CZE"]
[SourceTitle "CBM 195 Extra"]
[Source "ChessBase"]
[SourceDate "2020.05.31"]
[SourceVersion "1"]
[SourceVersionDate "2020.05.31"]
[SourceQuality "1"]

1. e4 e5 2. Nf3 Nc6 3. Nc3 Nf6 4. Bb5 Bd6 5. Bxc6 bxc6 6. d4 Bb4 7. Bg5 d6 8. dxe5 dxe5 9. Qxd8+ Kxd8 10. Nxe5 Ke8 11. Bxf6 Bxc3+ 12. bxc3 gxf6 13. Nxc6 Bb7 14. Nd4 Bxe4 15. 0-0 Kd7 16. Rab1 Rhg8 17. f3 Bd5 18. a3 Bc4 19. Rfd1 h5 20. Kf2 a6 21. Rb4 Be6 22. Nxe6+ Kxe6 23. Rb7 Rgc8 24. Ke3 f5 25. f4 a5 26. a4 Ra6 27. Rb5 c6 28. Re5+ Kf6 29. Rd6+ Kg7 30. Rxf5 Re8+ 31. Kd2 Ra7 32. Rxc6 Rd7+ 33. Kc1 Re1+ 34. Kb2 Rdd1 35. Rg5+ Kf8 36. Rc8+ Ke7 37. Re5+ Kf6 38. Rxe1 Rxe1 39. Rc5 Re4 40. Rxa5 Rxf4 41. Rxh5 Rxa4 42. Kb3 Rg4 43. g3 Ke6 44. c4 Kd6 45. Kb4 Rg8 46. Rb5 Kc6 47. c5 Rg4+ 48. c4 Re4 49. Rb6+ Kc7 50. Kb5 Re3 51. Rc6+ Kb7 52. Rb6+ Kc7 53. Kb4 f5 54. Rf6 Rf3 55. c6 Rf2 56. h4 Rb2+ 57. Kc5 Rg2 58. Rf7+ Kd8 59. c7+ Ke8 60. c8Q+ 1-0

[Event "CZE-ch U14 Girls"]
[Site "Kouty nad Desnou"]
[Date "2020.03.07"]
[Round "1"]
[White "Stribna, Julie"]
[Black "Smajzrova, Dominika"]
[Result "1-0"]
[WhiteElo "1046"]
[BlackElo "1487"]
[PlyCount "61"]
[EventDate "2020.03.07"]
[EventType "swiss"]
[EventRounds "7"]
[EventCountry "CZE"]
[SourceTitle "CBM 195 Extra"]
[Source "ChessBase"]
[SourceDate "2020.05.31"]
[SourceVersion "1"]
[SourceVersionDate "2020.05.31"]
[SourceQuality "1"]

1. e4 e5 2. Nf3 Nf6 3. Nc3 Nc6 4. d3 Bc5 5. Be2 h6 6. h3 0-0 7. 0-0 Re8 8. Be3 Bxe3 9. fxe3 d5 10. exd5 Nxd5 11. Nxd5 Qxd5 12. e4 Qc5+ 13. Kh2 Be6 14. c3 Rad8 15. Ne1 Bc4 16. Rf3 Be6 17. Qd2 Qe7 18. Nc2 Qh4 19. Qe3 Rd6 20. b3 Bc8 21. Raf1 Re7 22. R3f2 b6 23. Kg1 Rg6 24. Rf3 Nd8 25. Qf2 Qg5 26. Ne3 Ne6 27. h4 Qh5 28. Rh3 Nf4 29. Bxh5 Nxh3+ 30. Kh2 Nxf2 31. Bxg6 1-0